Najludniejsze miasto w Europie na podaną literę #1 - Statystyki

Ogólne statystyki
  • Ten quiz został rozwiązany 24 razy
  • Średni wynik to 6 z 15
Statystyki odpowiedzi
litera odpowiedź % Poprawnych
B Berlin
95%
L Londyn
86%
M Moskwa
86%
A Amsterdam
81%
O Oslo
71%
H Hamburg
67%
N Neapol
48%
G Glasgow
43%
D Düsseldorf
24%
F Frankfurt nad Menem
19%
K Kazań
14%
E Essen
10%
C Cluj-Napoca
0%
I Ingolstadt
0%
J Jerez de la Frontera
0%
Nie znaleziono quizów pasujących do podanych kryteriów
Rozkład punktacji
Procent ludzi z każdym wynikiem
Percentyl według liczby udzielonych odpowiedzi
Twoja historia wyników
Nie rozwiązałeś tego quizu